000 00344nam a22001457a 4500
008 230324b ||||| |||| 00| 0 eng d
020 _a9781605471372
041 _aeng
080 _2THIRD EDITION
_a616.53
082 _a616.53SAB
100 _a14
101 _aPEDI
245 _aINTENSIVE REVIEW OF PEDIATRICS
_cSABELLA.C
942 _2udc
_cBK
999 _c59454
_d59454